书目信息 |
| 题名: |
川大史学
|
|
| 作者: | 杨天宏 , 李德英 , 王东杰 主编 | |
| 分册: | 第二辑 中国近现代史卷 | |
| 出版信息: | 成都 四川大学出版社 2016 |
|
| 页数: | 586页 | |
| 开本: | 21cm | |
| 丛书名: | ||
| 单 册: | ||
| 中图分类: | K0-53 , K250.7 | |
| 科图分类: | ||
| 主题词: | 史学--shi xue--文集 , 中国历史--zhong guo li shi--近代史--文集 , 中国历史--zhong guo li shi--现代史--文集 | |
| 电子资源: | ||
| ISBN: | 978-7-5614-9879-8 | |
| 000 | 01195nam0 22003011 450 | |
| 001 | 1752589922 | |
| 005 | 20170602161307.0 | |
| 010 | @a978-7-5614-9879-8@dCNY49.00 | |
| 100 | @a20161116d2016 em y0chiy50 ea | |
| 101 | 0 | @achi@aeng |
| 102 | @aCN@b510000 | |
| 105 | @ay z 000yy | |
| 106 | @ar | |
| 200 | 1 | @a川大史学@Achuan da shi xue@h第二辑@i中国近现代史卷@f杨天宏,李德英,王东杰主编 |
| 210 | @a成都@c四川大学出版社@d2016 | |
| 215 | @a586页@d21cm | |
| 304 | @a英文共同题名:Historical studies at Sichuan University collection II: 2006-2016 | |
| 330 | @a本书收录了《四川存古学堂的兴办进程》《民初国会存废之争与民国政制走向》《孙中山与川藏铁路建设的构想》《试论新式公共交通兴起与近代中国城市发展》《存天下于一方:卢作孚的人生格局与济世道路》等文章。 | |
| 606 | 0 | @a史学@Ashi xue@j文集 |
| 606 | 0 | @a中国历史@Azhong guo li shi@x近代史@j文集 |
| 606 | 0 | @a中国历史@Azhong guo li shi@x现代史@j文集 |
| 690 | @aK0-53@v5 | |
| 690 | @aK250.7@v5 | |
| 701 | 0 | @a杨天宏@Ayang tian hong@f(1951~)@4主编 |
| 701 | 0 | @a李德英@Ali de ying@c(女,@f1964.10~)@4主编 |
| 701 | 0 | @a王东杰@Awang dong jie@f(1971~)@4主编 |
| 801 | 0 | @aCN@bTANG WEI@c20170601 |
| 905 | @b0971923-7@dK0-53@e118@f5 | |
| 川大史学.第二辑.中国近现代史卷/杨天宏,李德英,王东杰主编.-成都:四川大学出版社,2016 |
| 586页;21cm |
| ISBN 978-7-5614-9879-8:CNY49.00 |
| 本书收录了《四川存古学堂的兴办进程》《民初国会存废之争与民国政制走向》《孙中山与川藏铁路建设的构想》《试论新式公共交通兴起与近代中国城市发展》《存天下于一方:卢作孚的人生格局与济世道路》等文章。 |
| ● |
| 相关链接 |
|
|
|
|
正题名:川大史学
索取号:K0-53/118
 
预约/预借
| 序号 | 登录号 | 条形码 | 馆藏地/架位号 | 状态 | 备注 |
| 1 | 0971923 | 209719232 | 第二样本阅览室/ [索取号:K0-53/118] | 在馆 | |
| 2 | 0971924 | 209719241 | 第二借阅区/ [索取号:K0-53/118] | 在馆 | |
| 3 | 0971925 | 209719250 | 第二借阅区/ [索取号:K0-53/118] | 在馆 | |
| 4 | 0971926 | 209719269 | 密集书库-史法系/ [索取号:K0-53/118] | 在馆 | |
| 5 | 0971927 | 209719278 | 第二借阅区/ [索取号:K0-53/118] | 在馆 |